[Event "1MCR_3DE_1L_1S"]
[Site "?"]
[Date "2005.??.??"]
[Round "1"]
[White "Splichal, Josef"]
[Black "Bares, Jiri"]
[Result "1-0"]
[WhiteElo "2279"]
[BlackElo "2174"]
[PlyCount "149"]
[EventDate "2005.??.??"]
[EventType "corr"]
[SourceDate "2005.03.20"]

1. e4 e5 2. Nc3 Nf6 3. f4 d5 4. fxe5 Nxe4 5. Nf3 Be7 6. Qe2 f5 7. exf6 Nxf6 8.
d4 O-O 9. Bd2 c6 10. O-O-O b5 11. Re1 Bd6 12. Ng5 Qa5 13. Kb1 b4 14. Nd1 h6 15.
Nh3 Bg4 16. Qe3 Re8 17. Qd3 Ne4 18. Nhf2 Be6 19. Be2 c5 20. dxc5 Bxc5 21. Rhf1
Nc6 22. Nxe4 dxe4 23. Qa6 Bxa2+ 24. Kc1 Qxa6 25. Bxa6 Bd5 26. Ne3 Bxe3 27. Bxe3
Ne5 28. Bd4 Re6 29. Rf5 Rd8 30. Bf1 Rde8 31. Bb5 R8e7 32. Rd1 e3 33. Bc5 Be4
34. Bxe7 Bxf5 35. Bxb4 a6 36. Ba4 Rg6 37. Bc3 Ng4 38. Be8 Rb6 39. Re1 Nxh2 40.
Bd4 Re6 41. Bd7 Rd6 42. Bxf5 Rxd4 43. Rxe3 Ng4 44. Ra3 Kf7 45. Bc8 a5 46. Bb7
a4 47. Bc6 Ne5 48. Bxa4 Rg4 49. Bb3+ Ke7 50. Bd5 Kd6 51. Ba8 h5 52. Ra6+ Kd7
53. Ra5 Ke6 54. c3 Nd3+ 55. Kc2 Nf4 56. b4 Nxg2 57. Rxh5 Nf4 58. Ra5 Kd6 59.
Ra6+ Kc7 60. c4 Rh4 61. Be4 Nh5 62. Kd3 Nf6 63. Bg2 Rg4 64. Ra7+ Kb8 65. Rb7+
Kc8 66. Bc6 Ne8 67. Re7 Rg3+ 68. Kd4 Nc7 69. b5 Rg6 70. Kc5 Rf6 71. Kb6 Na8+
72. Ka7 Nc7 73. Rxg7 Kd8 74. Rd7+ Kc8 75. Rd2 1-0

[Event "1MCR_3DE_1L_1S"]
[Site "?"]
[Date "2005.??.??"]
[Round "1"]
[White "Hruby, Jaromil"]
[Black "Alexa, Jaroslav"]
[Result "0-1"]
[WhiteElo "2053"]
[BlackElo "2341"]
[PlyCount "110"]
[EventDate "2005.??.??"]
[EventType "corr"]
[SourceDate "2005.03.20"]

1. e4 c5 2. Nf3 d6 3. d4 cxd4 4. Nxd4 Nf6 5. Nc3 a6 6. Be2 e5 7. Nb3 Be7 8. O-O
O-O 9. Be3 Be6 10. Qd2 Nbd7 11. a4 Rc8 12. a5 Qc7 13. Rfd1 Rfd8 14. Qe1 h6 15.
Bf3 Qc6 16. Nc1 Qc7 17. N1e2 Bf8 18. Ng3 Ng4 19. Ba7 Ra8 20. Bxg4 Bxg4 21. f3
Be6 22. Bf2 b5 23. axb6 Nxb6 24. b3 Be7 25. Kh1 Rdc8 26. Rd3 Nd7 27. Nf5 Bf8
28. Ne3 Nc5 29. Rd2 Nxe4 30. Nxe4 f5 31. Qd1 fxe4 32. fxe4 a5 33. Nd5 Bxd5 34.
exd5 Be7 35. Be3 Qc3 36. Bg1 Bg5 37. Re2 a4 38. bxa4 Rc4 39. a5 Rxa5 40. Rxa5
Qxa5 41. Qd3 Rc3 42. Qe4 Qa6 43. Qg4 Qc8 44. Qxc8+ Rxc8 45. Bf2 Kf7 46. h3 h5
47. g3 Kg6 48. Kg2 Kf5 49. Ba7 Bc1 50. Bf2 Rc4 51. Bg1 g6 52. Ba7 e4 53. c3
Rxc3 54. Bd4 Rf3 55. Re1 Bg5 0-1

[Event "1MCR_3DE_1L_3S"]
[Site "?"]
[Date "2005.??.??"]
[Round "3"]
[White "Peroutik, Jiri"]
[Black "Mikoska, Josef"]
[Result "0-1"]
[WhiteElo "1822"]
[BlackElo "2134"]
[PlyCount "112"]
[EventDate "2005.??.??"]
[EventType "corr"]
[SourceDate "2005.03.20"]

1. e4 e5 2. Nf3 Nc6 3. Bb5 a6 4. Ba4 Nf6 5. O-O Bc5 6. c3 b5 7. Bc2 Bb6 8. d4
Qe7 9. a4 Bb7 10. axb5 axb5 11. Rxa8+ Bxa8 12. d5 Na7 13. Na3 d6 14. Qe2 c6 15.
Nh4 g6 16. dxc6 Bxc6 17. Bh6 Qe6 18. h3 Nh5 19. Ra1 Qe7 20. Nf3 Ng3 21. Qe1 f5
22. Bg5 Qb7 23. Qd1 Nc8 24. exf5 Nxf5 25. Bb3 h6 26. Bc1 Rf8 27. Nc2 Bc5 28.
Be6 Nce7 29. b4 Bb6 30. Ne3 Rf6 31. Nxf5 Nxf5 32. Bxf5 gxf5 33. Nh4 f4 34. Qg4
Bd5 35. Bd2 Kd8 36. Be1 Qf7 37. Qe2 Bc6 38. Qd1 f3 39. g3 Qe6 40. Ra6 Kc7 41.
Qc2 Bb7 42. Rxb6 Kxb6 43. Bd2 Qxh3 44. Be3+ Kc7 45. c4 Qd7 46. cxb5+ Kb8 47.
Qa2 Qh7 48. Bb6 d5 49. Qa7+ Kc8 50. Ba5 Qe7 51. Qc5+ Kd7 52. Qc7+ Ke6 53. Qb8
Rf8 54. Qa7 Rf7 55. Qe3 d4 56. Qxh6+ Qf6 0-1

[Event "1MCR_3DE_1L_2S"]
[Site "?"]
[Date "2005.??.??"]
[Round "2"]
[White "Trcka, Vaclav"]
[Black "Paukert, Martin"]
[Result "0-1"]
[WhiteElo "2175"]
[BlackElo "2074"]
[PlyCount "84"]
[EventDate "2005.??.??"]
[EventType "corr"]
[SourceDate "2005.03.20"]

1. d4 d5 2. c4 dxc4 3. Nf3 a6 4. e3 Nf6 5. Bxc4 e6 6. O-O c5 7. a4 Nc6 8. Qe2
Qc7 9. Nc3 Be7 10. Rd1 O-O 11. dxc5 Bxc5 12. b3 Na5 13. Bb2 b6 14. Na2 Bb7 15.
Bxf6 gxf6 16. b4 Bxb4 17. Bxe6 fxe6 18. Nxb4 Qc4 19. Nd3 Nb3 20. Rab1 Rad8 21.
Nfe1 Bc6 22. Qa2 Qxa4 23. Qxb3 Qxb3 24. Rxb3 Ba4 25. Rdb1 Bxb3 26. Rxb3 Rd6 27.
f4 a5 28. Kf2 Rc8 29. e4 a4 30. Ra3 Rc4 31. e5 fxe5 32. fxe5 Rd8 33. Nf3 b5 34.
Ke3 Ra8 35. Nd2 Rh4 36. h3 b4 37. Ra1 a3 38. Nf4 Rc8 39. g4 Kf7 40. Kf3 Rc2 41.
Ne4 a2 42. Rd1 Rc7 0-1

[Event "1MCR_3DE_1L_1S"]
[Site "?"]
[Date "2005.??.??"]
[Round "1"]
[White "Doudera, Lubomir"]
[Black "Baciak, Miloslav"]
[Result "1/2-1/2"]
[WhiteElo "2179"]
[BlackElo "1895"]
[PlyCount "72"]
[EventDate "2005.??.??"]
[EventType "corr"]
[SourceDate "2005.03.20"]

1. e4 c5 2. c3 Nf6 3. e5 Nd5 4. d4 cxd4 5. Nf3 Nc6 6. Bc4 Nb6 7. Bb3 d5 8. exd6
Qxd6 9. O-O Be6 10. Na3 Bxb3 11. Qxb3 e6 12. Nb5 Qd7 13. Nbxd4 Nxd4 14. Nxd4
Bc5 15. Be3 Qc7 16. Nb5 Qc6 17. Bxc5 Qxc5 18. Rad1 O-O 19. Nd6 Qc7 20. Rd2 Nd5
21. c4 Qxd6 22. cxd5 b6 23. Rfd1 e5 24. f3 Rac8 25. g3 Rfd8 26. Rc2 a5 27. a4
g6 28. Rc3 h5 29. Kg2 Kg7 30. Qc2 Rxc3 31. Qxc3 f6 32. h4 Qe7 33. Kf2 Rd6 34.
b4 Qa7 35. b5 Qd7 36. Qc4 Kh8 1/2-1/2

[Event "1MCR_3DE_1L_2S"]
[Site "?"]
[Date "2005.??.??"]
[Round "2"]
[White "Hlavac, Frantisek"]
[Black "Trcka, Vaclav"]
[Result "1-0"]
[WhiteElo "2355"]
[BlackElo "2175"]
[PlyCount "80"]
[EventDate "2005.??.??"]
[EventType "corr"]
[SourceDate "2005.03.20"]

1. e4 e5 2. Nf3 Nc6 3. Bb5 a6 4. Ba4 Nf6 5. O-O Be7 6. Re1 b5 7. Bb3 d6 8. c3
O-O 9. h3 Na5 10. Bc2 c5 11. d4 Qc7 12. Nbd2 Bd7 13. Nf1 Nc4 14. b3 Nb6 15. Ne3
Rfe8 16. dxe5 dxe5 17. c4 Rad8 18. Bb2 Bd6 19. a4 bxa4 20. bxa4 Bc6 21. a5 Nbd7
22. Nd5 Bxd5 23. exd5 e4 24. Nd2 e3 25. Rxe3 Rxe3 26. fxe3 Re8 27. Ra3 Rb8 28.
Qa1 Bh2+ 29. Kh1 Be5 30. Bxe5 Nxe5 31. Qc3 Ned7 32. Kg1 Rb4 33. e4 Ne5 34. Rb3
Rxb3 35. Qxb3 Nfd7 36. Qc3 h6 37. Ba4 Nf6 38. g3 Ng6 39. Bd1 h5 40. h4 Ne5 1-0

[Event "1MCR_3DE_1L_1S"]
[Site "?"]
[Date "2005.??.??"]
[Round "1"]
[White "Tomisek, Petr"]
[Black "Vozda, Jindrich"]
[Result "1/2-1/2"]
[WhiteElo "2170"]
[BlackElo "2494"]
[PlyCount "115"]
[EventDate "2005.??.??"]
[EventType "corr"]
[SourceDate "2005.03.20"]

1. e4 c5 2. d4 cxd4 3. c3 dxc3 4. Nxc3 Nc6 5. Nf3 Nf6 6. Bc4 e6 7. Qe2 d6 8.
O-O Be7 9. Rd1 e5 10. h3 O-O 11. Be3 Be6 12. Bxe6 fxe6 13. Rac1 Rc8 14. b4 Nxb4
15. Qb5 d5 16. exd5 exd5 17. Nxe5 Bd6 18. Nf3 a6 19. Qa4 Rc4 20. Qb3 b5 21. a3
Nc6 22. Nd2 Nd4 23. Bxd4 Rxd4 24. Nf3 Rxd1+ 25. Rxd1 Kh8 26. Nxd5 Nxd5 27. Qxd5
Be7 28. Qb3 Qb6 29. a4 b4 30. Re1 Bc5 31. Kf1 Bxf2 32. a5 Qa7 33. Qxb4 Bc5 34.
Qc3 Bd6 35. Rc1 h6 36. Rb1 Qc7 37. Qxc7 Bxc7 38. Ke2 Rd8 39. h4 Kg8 40. h5 Rd5
41. g4 Rxa5 42. Rb7 Bd6 43. Kd3 Bg3 44. Nd4 Ra4 45. g5 hxg5 46. Ne6 Be5 47.
Nxg5 Rd4+ 48. Kc2 Bf6 49. Rb8+ Rd8 50. Rxd8+ Bxd8 51. Ne4 Be7 52. Kb3 Kf7 53.
Ka4 Ke6 54. Ka5 Kf5 55. Nc3 Kg5 56. Kxa6 Kxh5 57. Kb5 Kg4 58. Kc4 1/2-1/2

[Event "1MCR_3DE_1L_2S"]
[Site "?"]
[Date "2005.??.??"]
[Round "2"]
[White "Pravec, Ladislav"]
[Black "Soucha, Stepan"]
[Result "1/2-1/2"]
[WhiteElo "2381"]
[BlackElo "2335"]
[PlyCount "103"]
[EventDate "2005.??.??"]
[EventType "corr"]
[SourceDate "2005.03.20"]

1. d4 d5 2. c4 e6 3. Nc3 Be7 4. cxd5 exd5 5. Bf4 c6 6. Qc2 Bd6 7. Bxd6 Qxd6 8.
e3 Ne7 9. Bd3 Bg4 10. Nge2 Bxe2 11. Nxe2 Nd7 12. O-O Nf6 13. Ng3 O-O 14. a3 a5
15. b4 b5 16. Qd2 axb4 17. axb4 Nd7 18. Qc3 Nb6 19. Qc2 g6 20. Qc3 Na4 21. Qd2
Ra7 22. Ra2 Rfa8 23. Rfa1 Nc8 24. Qc2 Ncb6 25. Qb3 Nc4 26. Ne2 Qe7 27. Nc1 Nab2
28. Rxa7 Rxa7 29. Rxa7 Qxa7 30. h4 Qa4 31. Be2 Qa1 32. Qc3 Qb1 33. g3 Na4 34.
Qe1 Qa1 35. Nd3 Qxe1+ 36. Nxe1 Nc3 37. Bg4 f5 38. Bh3 Na3 39. h5 Kg7 40. hxg6
hxg6 41. Kf1 Na2 42. Nd3 Nc2 43. g4 fxg4 44. Bxg4 Ncxb4 45. Ne5 Kf6 46. Bd7 c5
47. Bxb5 c4 48. Nc6 Nd3 49. Ba4 g5 50. f3 Ke6 51. Bc2 Kd6 52. Bxd3 1/2-1/2

[Event "1MCR_3DE_1L_2S"]
[Site "?"]
[Date "2005.??.??"]
[Round "2"]
[White "Soucha, Stepan"]
[Black "Toman, Antonin"]
[Result "1-0"]
[WhiteElo "2335"]
[BlackElo "2209"]
[PlyCount "97"]
[EventDate "2005.??.??"]
[EventType "corr"]
[SourceDate "2005.03.20"]

1. d4 d5 2. c4 e6 3. Nc3 Nf6 4. cxd5 exd5 5. Bg5 Be7 6. e3 c6 7. Qc2 Nbd7 8.
Bd3 Nh5 9. Bxe7 Qxe7 10. Nge2 g6 11. O-O-O Nb6 12. Kb1 Ng7 13. Ng3 Be6 14. Rc1
Qb4 15. Ka1 h5 16. h4 O-O 17. Nge2 a5 18. f3 Bf5 19. Nf4 Bxd3 20. Nxd3 Qe7 21.
Rce1 Rfe8 22. g4 Nc4 23. Qf2 Qf6 24. gxh5 Nxh5 25. Rhg1 b5 26. Rg5 a4 27. f4
Ng7 28. h5 Nxh5 29. Ne5 a3 30. b3 Nxe5 31. dxe5 Qe7 32. Ne2 Qb4 33. Rd1 Kf8 34.
Rd4 Qe7 35. Kb1 Red8 36. Rd1 c5 37. Rdg1 Ra6 38. Qh2 Qc7 39. f5 c4 40. fxg6
cxb3 41. Nd4 Qc3 42. Qe2 fxg6 43. e6 bxa2+ 44. Kxa2 Qc4+ 45. Qxc4 dxc4 46. Rxg6
Rxd4 47. exd4 Ke7 48. Rh6 Nf6 49. d5 1-0

[Event "1MCR_3DE_1L_3S"]
[Site "?"]
[Date "2005.??.??"]
[Round "3"]
[White "Cakl, Zdenek"]
[Black "Portych, Vaclav"]
[Result "1/2-1/2"]
[WhiteElo "2139"]
[BlackElo "2024"]
[PlyCount "114"]
[EventDate "2005.??.??"]
[EventType "corr"]
[SourceDate "2005.03.20"]

1. Nf3 c5 2. e4 Nc6 3. d4 cxd4 4. Nxd4 Nf6 5. Nc3 e5 6. Ndb5 d6 7. Bg5 a6 8.
Na3 b5 9. Nd5 Be7 10. Bxf6 Bxf6 11. c3 O-O 12. Nc2 Bg5 13. a4 bxa4 14. Rxa4 a5
15. Bc4 Rb8 16. b3 Kh8 17. O-O f5 18. exf5 Bxf5 19. Nce3 Be6 20. Qd3 Bxe3 21.
Nxe3 Bxc4 22. Qxc4 Ne7 23. Ra3 d5 24. Qc5 d4 25. cxd4 exd4 26. Rd1 Rxf2 27.
Kxf2 dxe3+ 28. Ke1 Qf8 29. Ra2 Rxb3 30. Re2 h6 31. Rxe3 Rxe3+ 32. Qxe3 Ng8 33.
Rd4 Qb8 34. h4 Qb1+ 35. Kf2 Qb6 36. g4 Qc7 37. Kf3 a4 38. Rxa4 Qh2 39. g5 Qh3+
40. Ke2 Qg2+ 41. Kd3 Qf1+ 42. Kc3 Qg2 43. Re4 Qa2 44. Qf4 Qa5+ 45. Kd3 Qb5+ 46.
Kd2 Qb2+ 47. Ke3 Qb6+ 48. Kf3 Qb3+ 49. Re3 Qd1+ 50. Kg2 Qd2+ 51. Kg3 Qc1 52.
Kg4 Qd1+ 53. Qf3 Qg1+ 54. Kh5 Qb1 55. Re6 Qa2 56. Qe4 Qb3 57. Kg6 Qd1 1/2-1/2

[Event "1MCR_3DE_1L_1S"]
[Site "?"]
[Date "2005.??.??"]
[Round "1"]
[White "Lounek, Jan"]
[Black "Mezera, Lukas"]
[Result "1-0"]
[WhiteElo "2380"]
[BlackElo "2266"]
[PlyCount "129"]
[EventDate "2005.??.??"]
[EventType "corr"]
[SourceDate "2005.03.20"]

1. e4 e6 2. d4 d5 3. Nc3 Bb4 4. e5 c5 5. a3 Bxc3+ 6. bxc3 Ne7 7. Qg4 O-O 8. Bd3
f5 9. exf6 Rxf6 10. Bg5 Rf7 11. Qh5 g6 12. Qd1 Nbc6 13. Nf3 Qf8 14. O-O c4 15.
Be2 h6 16. Bc1 Qg7 17. a4 Bd7 18. Ba3 g5 19. Bd6 Ng6 20. h3 b6 21. Qd2 Rd8 22.
Rfe1 Qf6 23. Bd1 Kh7 24. Re3 Re8 25. Bg3 Ref8 26. Nh2 Nf4 27. Ng4 Qe7 28. Ne5
Nxe5 29. Rxe5 Qf6 30. a5 b5 31. Bg4 h5 32. Be2 Qh6 33. Rf1 Rf5 34. Bxf4 Rxf4
35. Qc1 a6 36. Bd1 Bc8 37. Qa3 Qf6 38. Bxh5 Rxf2 39. Bf3 Rxf1+ 40. Kxf1 Kg6 41.
Ke2 Qd8 42. Bg4 Qf6 43. Kd1 Qd8 44. Re1 Rf6 45. Qc5 Kg7 46. Qb6 Qe7 47. Qb8 Qf8
48. Qg3 Kh6 49. h4 gxh4 50. Qxh4+ Kg7 51. Re3 Bd7 52. Rh3 Kf7 53. Bh5+ Ke7 54.
Rf3 Bc6 55. g4 Qg7 56. Kc1 Qh8 57. Kb2 Bd7 58. Rxf6 Qxf6 59. g5 Qg7 60. Qf4 Bc6
61. Qc7+ Bd7 62. Qc5+ Kd8 63. g6 Ke8 64. Qd6 Bc8 65. Qb8 1-0

[Event "1MCR_3DE_1L_2S"]
[Site "?"]
[Date "2005.??.??"]
[Round "2"]
[White "Pravec, Ladislav"]
[Black "Sedlaty, Martin"]
[Result "1-0"]
[WhiteElo "2381"]
[BlackElo "1800"]
[PlyCount "145"]
[EventDate "2005.??.??"]
[EventType "corr"]
[SourceDate "2005.03.20"]

1. d4 Nf6 2. c4 e6 3. Nf3 d5 4. Nc3 c6 5. e3 Nbd7 6. Bd3 dxc4 7. Bxc4 b5 8. Bd3
Bb7 9. e4 b4 10. Na4 Qa5 11. e5 Nd5 12. O-O Ba6 13. Bxa6 Qxa6 14. a3 bxa3 15.
b3 N7b6 16. Ng5 Nxa4 17. Qf3 Qb7 18. bxa4 a5 19. Ne4 Bb4 20. Rxa3 O-O 21. Rb3
f6 22. exf6 Nxf6 23. Nc5 Qc8 24. Qe2 Re8 25. Re3 Bxc5 26. dxc5 Rb8 27. Re1 Nd5
28. Re5 Rb4 29. Qc2 Qa6 30. R5e4 Rxe4 31. Qxe4 e5 32. Bd2 Re7 33. Qf5 Qb7 34.
Qc2 Qa8 35. Bc3 Nxc3 36. Qxc3 Qd8 37. f3 Kf8 38. Kh1 h6 39. h3 Qc7 40. Re2 Re8
41. Qe1 Qd8 42. Kh2 Kf7 43. Qc3 Re6 44. Re4 Re7 45. Qb2 Qc7 46. Qb3+ Kf8 47.
Qe3 Qb8 48. Qd2 Qc7 49. Qb2 Kf7 50. Kg1 Kf8 51. Kf2 Kf7 52. Ke3 Qb7 53. Qc3 Qb8
54. Kf2 Qd8 55. Qb3+ Kf8 56. Qb6 Qc7 57. h4 Rd7 58. h5 Rd2+ 59. Kg3 Rd7 60. Rg4
Qxb6 61. cxb6 Rb7 62. Re4 Rxb6 63. Rxe5 Ra6 64. Kf4 Ra7 65. g4 Rc7 66. Rxa5 Ke7
67. Ke4 Kd6 68. f4 Re7+ 69. Re5 Ra7 70. a5 c5 71. f5 Kc6 72. Re6+ Kb5 73. f6
1-0

[Event "1MCR_3DE_1L_2S"]
[Site "?"]
[Date "2005.??.??"]
[Round "2"]
[White "Hlavac, Frantisek"]
[Black "Pytlik, Lesek"]
[Result "1-0"]
[WhiteElo "2355"]
[BlackElo "2367"]
[PlyCount "113"]
[EventDate "2005.??.??"]
[EventType "corr"]
[SourceDate "2005.03.20"]

1. e4 e6 2. d4 d5 3. e5 c5 4. Nc3 Nc6 5. Nf3 cxd4 6. Nb5 Bc5 7. a3 a6 8. b4
axb5 9. bxc5 Nge7 10. Rb1 Qa5+ 11. Bd2 Qc7 12. Bxb5 O-O 13. Bf4 Rxa3 14. O-O
Bd7 15. Re1 Rfa8 16. Bd3 Ng6 17. Bg3 R8a4 18. h4 Nb4 19. h5 Ne7 20. h6 Nxd3 21.
cxd3 Qxc5 22. hxg7 Kxg7 23. Bh4 Ng6 24. Bf6+ Kf8 25. Rxb7 Bc8 26. Rb1 Rb4 27.
Rxb4 Qxb4 28. Qc1 Ba6 29. Qc6 Kg8 30. Qd6 Qxd6 31. exd6 Bc8 32. Rb1 Ra8 33. Rc1
Kf8 34. Rc7 Ke8 35. Ng5 h6 36. Nxf7 Bd7 37. Bxd4 h5 38. Ne5 Nxe5 39. Bxe5 d4
40. f4 Ra3 41. Bxd4 Rxd3 42. Be5 Rd2 43. Kh2 h4 44. Ra7 Rc2 45. Kh3 Kd8 46.
Ra8+ Bc8 47. Ra4 Bd7 48. Ra7 Rf2 49. Bf6+ Ke8 50. Ra8+ Kf7 51. Be5 Rd2 52. Rh8
Bc6 53. Rh7+ Kf8 54. Rc7 Bxg2+ 55. Kxh4 Be4 56. Bc3 Rd5 57. Bf6 1-0

[Event "1MCR_3DE_1L_1S"]
[Site "?"]
[Date "2005.??.??"]
[Round "1"]
[White "Mezera, Lukas"]
[Black "Alexa, Jaroslav"]
[Result "0-1"]
[WhiteElo "2266"]
[BlackElo "2341"]
[PlyCount "104"]
[EventDate "2005.??.??"]
[EventType "corr"]
[SourceDate "2005.03.20"]

1. d4 d5 2. Nf3 e6 3. e3 Nf6 4. Bd3 c5 5. c3 Nc6 6. Nbd2 Bd6 7. O-O O-O 8. dxc5
Bxc5 9. e4 Qc7 10. Qe2 Bb6 11. e5 Nd7 12. Bxh7+ Kxh7 13. Ng5+ Kg6 14. Qd3+ f5
15. Nxe6 Qxe5 16. Nxf8+ Nxf8 17. Nf3 Qe4 18. Qd2 d4 19. Re1 Qd5 20. b4 Be6 21.
Bb2 Rd8 22. Rad1 Kh7 23. cxd4 Kg8 24. a4 a6 25. a5 Bc7 26. Bc3 Ng6 27. Qg5 Bf7
28. Bd2 f4 29. Bc3 Nge7 30. Rc1 Qxg5 31. Nxg5 Nd5 32. Nxf7 Kxf7 33. Bd2 Bd6 34.
Rc4 Re8 35. Rxe8 Kxe8 36. Kf1 Kd7 37. Ke2 Ke6 38. Kd3 Ncxb4+ 39. Ke2 Nc6 40.
Kd3 Ncb4+ 41. Ke2 Kf5 42. h3 Nc6 43. Kf3 Ke6 44. Ra4 Bc7 45. Ke4 Nf6+ 46. Kd3
Kd5 47. f3 Nd7 48. Bc3 Nf8 49. Ra1 Ne6 50. Re1 g5 51. Rb1 Ncxd4 52. Bxd4 Nxd4
0-1

[Event "1MCR_3DE_1L_1S"]
[Site "?"]
[Date "2005.??.??"]
[Round "1"]
[White "Alexa, Jaroslav"]
[Black "Svoboda, Frantisek"]
[Result "0-1"]
[WhiteElo "2341"]
[BlackElo "2391"]
[PlyCount "112"]
[EventDate "2005.??.??"]
[EventType "corr"]
[SourceDate "2005.03.20"]

1. d4 e6 2. c4 Nf6 3. Nc3 c5 4. d5 exd5 5. cxd5 d6 6. e4 g6 7. h3 a6 8. a4 Bg7
9. Nf3 O-O 10. Bd3 Nbd7 11. O-O Re8 12. Re1 Ne5 13. Nxe5 Rxe5 14. Bf4 Re8 15.
a5 Nh5 16. Bh2 Be5 17. Bxe5 Rxe5 18. Qd2 Qf6 19. Bf1 Bd7 20. g3 Re7 21. Bg2 Qe5
22. b4 Qd4 23. Qxd4 cxd4 24. Ne2 d3 25. Nd4 Rc8 26. Rad1 Rc4 27. Rxd3 f5 28.
Ne6 Rxb4 29. exf5 gxf5 30. Ra1 b5 31. Rc3 Ra4 32. Rxa4 bxa4 33. Bf1 Nf6 34. Nc7
Bc8 35. Nb5 axb5 36. Rxc8+ Kg7 37. Bxb5 a3 38. Rc1 Rb7 39. Bd3 Rb4 40. Bxf5
Nxd5 41. Bb1 Nc3 42. Bd3 a2 43. Ra1 Ra4 44. a6 Nd5 45. Kf1 Nb4 46. Ke2 Ra3 47.
Bf5 Nxa6 48. Kd2 Nb4 49. Be6 d5 50. Kc1 Kf6 51. Kb2 Ra8 52. Bg4 Nd3+ 53. Kb3
Nxf2 54. Bf3 Ke5 55. h4 Nd3 56. g4 Nc1+ 0-1

[Event "1MCR_3DE_1L_3S"]
[Site "?"]
[Date "2005.??.??"]
[Round "3"]
[White "Cakl, Zdenek"]
[Black "Motejzik, Jaroslav"]
[Result "1-0"]
[WhiteElo "2139"]
[BlackElo "2000"]
[PlyCount "121"]
[EventDate "2005.??.??"]
[EventType "corr"]
[SourceDate "2005.03.20"]

1. e4 e6 2. d4 d5 3. Nd2 Nf6 4. e5 Nfd7 5. f4 c5 6. c3 Nc6 7. Ngf3 Qb6 8. Nb3
cxd4 9. Nbxd4 Bc5 10. Be2 O-O 11. O-O a5 12. Be3 f6 13. exf6 Nxf6 14. Qc2 Bd7
15. Kh1 Nxd4 16. cxd4 Bd6 17. Bd3 a4 18. Qe2 Be8 19. Ng5 Bd7 20. Bg1 Rae8 21.
Nf3 Rc8 22. Ne5 Be8 23. Rab1 Bh5 24. Qe1 Qd8 25. b3 a3 26. Qh4 Qe8 27. f5 exf5
28. Rxf5 Rc3 29. Re1 Rxd3 30. Nxd3 Qg6 31. Qg5 h6 32. Qxg6 Bxg6 33. Rf3 Be4 34.
Rh3 Bf5 35. Rhe3 Rc8 36. Rc1 Rf8 37. Ne5 Ne4 38. h3 Ng5 39. Bh2 Bb4 40. Nf3 Ne4
41. g4 Bd7 42. Rc7 Bc6 43. Be5 Rf7 44. Rxf7 Kxf7 45. Re2 Bb5 46. Rc2 Bc3 47.
Kg2 Bd3 48. Rc1 b5 49. Bg3 Kf6 50. Be1 b4 51. Ne5 Bb5 52. Bxc3 Nxc3 53. Rc2 Ke6
54. h4 Ne2 55. Nc6 Kd6 56. Nxb4 Nxd4 57. Rd2 Kc5 58. Nc2 Nxc2 59. Rxc2+ Kd6 60.
Kf3 g5 61. Rc8 1-0

[Event "1MCR_3DE_1L_3S"]
[Site "?"]
[Date "2005.??.??"]
[Round "3"]
[White "Mikoska, Josef"]
[Black "Sykora, Josef"]
[Result "1/2-1/2"]
[WhiteElo "2134"]
[BlackElo "2394"]
[PlyCount "176"]
[EventDate "2005.??.??"]
[EventType "corr"]
[SourceDate "2005.03.20"]

1. e4 c6 2. b3 d5 3. Bb2 dxe4 4. Nc3 Nf6 5. f3 exf3 6. Nxf3 Bf5 7. d4 e6 8. Bd3
Bg6 9. O-O Nbd7 10. Qe2 Bd6 11. Nd1 Nd5 12. Nf2 Nf4 13. Qe3 Nxd3 14. Nxd3 Nf6
15. c4 Ng4 16. Qd2 O-O 17. Rae1 Qc7 18. h3 Nh2 19. Nxh2 Bxh2+ 20. Kh1 Bg3 21.
Re2 Rad8 22. Qe3 Rfe8 23. Nf4 Bxf4 24. Qxf4 Qxf4 25. Rxf4 Rd7 26. Re1 Rb8 27.
a4 a6 28. Re5 h6 29. Rf3 b5 30. axb5 axb5 31. cxb5 Rxb5 32. Rxb5 cxb5 33. b4
Be4 34. Rf1 Bd5 35. Kg1 Kf8 36. Kf2 Ke7 37. Rc1 Kd6 38. g3 Ra7 39. Ra1 Ba2 40.
Ke3 Kd5 41. Rc1 Bc4 42. Ra1 Ra4 43. Bc3 f6 44. h4 h5 45. Kf3 Rxa1 46. Bxa1 Bb3
47. Bc3 Kc4 48. Bd2 Kxd4 49. Be3+ Ke5 50. Kf2 Kf5 51. Bb6 g5 52. hxg5 fxg5 53.
Bd8 Bc4 54. Kg2 e5 55. Kf3 e4+ 56. Kf2 Kg4 57. Bc7 h4 58. gxh4 gxh4 59. Bb8 Kh3
60. Bf4 Bd3 61. Be3 Kg4 62. Ba7 Bc2 63. Bb8 Bd1 64. Bc7 Kh3 65. Bf4 Bb3 66. Be3
Bd5 67. Ba7 Bc6 68. Bb6 Bd7 69. Ba7 Kg4 70. Bb8 Bc8 71. Bc7 Kf5 72. Ke3 Bb7 73.
Bb8 Ba8 74. Bc7 Kg4 75. Kf2 Kh3 76. Bb6 Bb7 77. Ba7 Kg4 78. Bb8 Kf5 79. Ke3 Ke6
80. Kd4 Bc6 81. Bc7 Kf5 82. Ke3 Kg4 83. Kf2 Be8 84. Bb8 Bh5 85. Bc7 Bf7 86. Bb8
Ba2 87. Bc7 Kh3 88. Bb6 Kh2 1/2-1/2

[Event "1MCR_3DE_1L_2S"]
[Site "?"]
[Date "2005.??.??"]
[Round "2"]
[White "Soucha, Stepan"]
[Black "Pytlik, Lesek"]
[Result "1-0"]
[WhiteElo "2335"]
[BlackElo "2367"]
[PlyCount "111"]
[EventDate "2005.??.??"]
[EventType "corr"]
[SourceDate "2005.03.20"]

1. d4 d5 2. c4 c6 3. Nf3 Nf6 4. Nc3 e6 5. e3 Nbd7 6. Qc2 Bd6 7. Bd3 dxc4 8.
Bxc4 O-O 9. O-O Qe7 10. Bd2 e5 11. Bb3 e4 12. Ng5 Bxh2+ 13. Kxh2 Ng4+ 14. Kg1
Qxg5 15. Qxe4 Qh4 16. Qf4 Ndf6 17. f3 g5 18. Qd6 Ne8 19. Qxf8+ Kxf8 20. fxg4 f6
21. Ne4 Kg7 22. Bd1 Be6 23. Be1 Qh6 24. Bc3 Qg6 25. Ng3 Qd3 26. Kh2 Rd8 27. Be2
Qg6 28. e4 Kg8 29. Rf2 Qg7 30. a3 Qd7 31. Raf1 Bxg4 32. Bc4+ Be6 33. Bxe6+ Qxe6
34. e5 h6 35. Nh5 Qg4 36. Nxf6+ Nxf6 37. Rxf6 Re8 38. Rxh6 Rf8 39. Rg6+ Kh7 40.
Rgf6 Rxf6 41. exf6 Qh5+ 42. Kg1 Qf7 43. Rf5 g4 44. Rf4 Kh6 45. Bd2 Kg5 46. Kf2
Kh4 47. Be3 b6 48. a4 Kh5 49. g3 Kg5 50. Kg1 Qb3 51. Bf2 Qf7 52. b4 Kh6 53. b5
cxb5 54. axb5 Kh7 55. Be3 Kg6 56. Rf2 1-0

[Event "1MCR_3DE_1L_1S"]
[Site "?"]
[Date "2005.??.??"]
[Round "1"]
[White "Bucek, Jiri"]
[Black "Alexa, Jaroslav"]
[Result "0-1"]
[WhiteElo "2326"]
[BlackElo "2341"]
[PlyCount "123"]
[EventDate "2005.??.??"]
[EventType "corr"]
[SourceDate "2005.03.20"]

1. e4 c5 2. Nf3 Nc6 3. d4 cxd4 4. Nxd4 Nf6 5. Nc3 e5 6. Ndb5 d6 7. Bg5 a6 8.
Na3 b5 9. Bxf6 gxf6 10. Nd5 f5 11. Bd3 Be6 12. O-O Bxd5 13. exd5 Ne7 14. Nxb5
Bg7 15. Nc3 e4 16. Bc4 Ng6 17. Qh5 Bxc3 18. bxc3 Qf6 19. Qh6 Qxc3 20. Bb3 Ke7
21. Rae1 a5 22. Ba4 Rhg8 23. Kh1 Qg7 24. Qd2 Ne5 25. f3 Nc4 26. Qe2 Ne3 27. Rf2
f4 28. fxe4 Qh6 29. Bd7 Rab8 30. Bh3 Rb2 31. Qf3 Rgb8 32. Qxf4 Qxf4 33. Rxf4
Rxa2 34. Rf3 Nc4 35. Rc3 Rb4 36. Kg1 a4 37. Bg4 Ra3 38. Rxa3 Nxa3 39. c3 Rb1
40. Rd1 Kf6 41. g3 Ke5 42. Kf2 Rb2+ 43. Ke3 Rb3 44. Kd3 Nb1 45. Kc2 Nxc3 46.
Ra1 Nxe4 47. Rxa4 Rc3+ 48. Kb2 Rd3 49. Kc1 f5 50. Bh5 Rxd5 51. Ra7 h6 52. Rh7
Rc5+ 53. Kb2 d5 54. Re7+ Kd4 55. Bg6 Nd6 56. Kb1 Kc3 57. Re3+ Kd2 58. Re6 Nc4
59. Bxf5 d4 60. g4 d3 61. Bxd3 Rb5+ 62. Ka2 0-1

[Event "1MCR_3DE_1L_3S"]
[Site "?"]
[Date "2005.??.??"]
[Round "3"]
[White "Hlavacek, Ladislav"]
[Black "Peroutik, Jiri"]
[Result "1-0"]
[WhiteElo "2009"]
[BlackElo "1822"]
[PlyCount "61"]
[EventDate "2005.??.??"]
[EventType "corr"]
[SourceDate "2005.03.20"]

1. e4 e6 2. Nf3 d5 3. exd5 exd5 4. d4 Bg4 5. h3 Bh5 6. Bd3 Nc6 7. c3 Qe7+ 8.
Be3 O-O-O 9. Nbd2 Qd7 10. Qc2 Bg6 11. Bxg6 hxg6 12. O-O-O Bd6 13. Nb3 Nf6 14.
Kb1 Rhe8 15. Rhe1 Ne4 16. Qd3 Ne7 17. Ne5 Bxe5 18. dxe5 Nc6 19. f3 Nxe5 20. Qd4
Nc6 21. Qxg7 Nd6 22. Qf6 Nc4 23. Bc1 b6 24. Bf4 a6 25. Nc1 d4 26. Rxe8 Rxe8 27.
Rd3 Kb7 28. Qg5 Re1 29. b3 Na3+ 30. Kb2 Re5 31. Bxe5 1-0